000 00728nam a2200217Ii 4500
003 JO-AjNU
008 230606s9999||||xx |||||||||||||| ||und||
020 _a978-0-521-61956-1/978-0-521-61960-8
040 _aJO-AjNU
_beng
_erda
_cJO-AjNU
041 _aeng
050 1 4 _aPE1137 2007
100 3 _aتأليف Hewings,Martin,
_eauthor
_92194
245 0 0 _aEnglish Pronunciation in use : Advanced :self-study and classroom use
250 _a1 ed
264 3 1 _aNew York:Cambridge University Press,2007
300 _a192p
336 _atext
_btxt
_2rdacontent
337 _aunmediated
_bn
_2rdamedia
338 _avolume
_bnc
_2rdacarrier
650 4 _aEnglish Pronunciation in use- Advanced -self study and classroom use
_92195
999 _aE1150
_c1150
_d1150